00594nam a2200181Ia 4500001001000000003000500010008004100015010001100056040000900067082001900076111011900095245004000214260004100254300000900295650003700304650003500341650003600376Para_1729CHAP220125s1993 xx 000 0 und d a200347 cCHAP aPA 633.6106 S5 aSimposio Nacional la Capacitación y Desarrollo Tecnológico en el Campo Cañero Mexicano (1:1993:Xalapa, Ver.) aMemoria /c por Gobierno del Estado aXalapa, Ver. :b Gobierno del Estado a2 v. aCaña de azúcar x congresos  aCaña de azúcar x México 7aIndustria azucarerazMéxico2